| 000 | nam a22 7a 4500 | ||
|---|---|---|---|
| 999 |
_c331401 _d331401 |
||
| 003 | NUST | ||
| 005 | 20170926161454.0 | ||
| 008 | 170926b xxu||||| |||| 00| 0 eng d | ||
| 040 | _cNUST | ||
| 082 | _a351 | ||
| 100 |
_aAsif,Anousha, Babar,Hanin, Anwar,Momina, Chaudhary,Nayab Iftikhar, Huda,Noor ul, & Rahim,Rabeeya _95021 |
||
| 245 | _aGender disparity at secondary level education-a comparative study of urban and rural Punjab | ||
| 260 |
_aIslamabad _c2016 |
||
| 300 | _a63p | ||
| 942 |
_2ddc _cTH |
||